000 00671nam a22002297a 4500
001 31780
003 UA-OsUOA
005 20210917230948.0
007 ta
008 20050112b un ||||| |||| 00| 0 ukr d
040 _aUA-OsUOA
_brus
_cUA-OsUOA
_dUA-OsUOA
041 _arus
044 _aRU
080 _a94(4)"1912/1939"
090 _a94(4)"1912/1939"
_bН72
245 _aНовейшая история
_bучебное пособие
_cред. З. А. Замыслова
_nч. 1
_p1917-1939
260 _aМосква
_bВысшая партийная школа при ЦК КПСС
_c1958
300 _a568 с.
650 7 _2UDC
942 _cBK
_2udc
955 _a0
999 _c318210
_d318210